| 000 | 00506nam a2200181Ia 4500 | ||
|---|---|---|---|
| 003 | GCL | ||
| 008 | 140319s9999 xx 000 0 ara d | ||
| 040 |
_aGCL / _cGCL |
||
| 082 | 0 | 4 |
_a415.1 _bا ن |
| 100 | 1 | _aمحمد ابوالفتوح شريف | |
| 245 | 1 | 0 |
_aالنحو الجامعى / _cمحمد ابوالفتوح شريف |
| 260 |
_a[S.N] : _bمكتبة الشباب ، _c1978 |
||
| 300 | _a253 ص | ||
| 490 | _a | ||
| 650 | 0 | 4 | _aنحو |
| 650 | 0 | 4 | _aاللغة العربية |
| 942 |
_2ddc _cBK |
||
| 999 |
_c37128 _d37128 |
||